00326nam a2200109Ia 4500008004100000082000800041100001400049245003300063942000600096952009900102999001500201240331s9999 xx 000 0 und d bBAL aBalan,K.N 0aIlanthai pazhathth puzhukkal cL 001040708LaWERCLbWERCLcSSCd2024-03-31l0o 894.811 BALp6619r2024-03-31w2024-03-31yL c5389d5389